Crónica y mirada: aproximaciones al periodismo narrativo

Spremljeno u:
Bibliografski detalji
Glavni autor: Angulo Egea, María (Autor)
Format: Knjiga
Jezik:španjolski
Izdano: Madrid Libros del K. O 2014
Izdanje:2a. ed
Teme:
Oznake: Dodaj oznaku
Bez oznaka, Budi prvi tko označuje ovaj zapis!

MARC

LEADER 00000cam a2200000 a 4500
001 UCC5856
003 CL-VaPUC
008 181031e20140000sp |||||||||||||||||spa|d
020 |a 9788416001019 
082 0 4 |a 302.232  |b ANG  |2 21 
100 0 |a Angulo Egea, María  |e author  |9 600262 
245 1 0 |a Crónica y mirada: aproximaciones al periodismo narrativo 
250 |a 2a. ed 
300 |a 368 p 
942 |c BK 
945 |d 20181031 17:21:00  |a dcastane 
260 |a Madrid  |b Libros del K. O  |c 2014 
650 0 |a Medios de comunicación  |9 257206 
650 7 |a PERIODISMO ESCRITO  |2 CL-VaPUC  |9 495263 
583 |a last modification  |c 20181031 17:21:00  |k Rodrigo Vera 
999 |c 372965  |d 372963 
952 |0 0  |1 0  |3 erb  |4 0  |6 302_232000000000000_ANG_2014  |7 0  |8 A  |9 490857  |a BIBCUR  |b BIBCUR  |i 5511348  |o 302.232 ANG 2014  |p 5511348  |r 2025-04-22  |w 2019-11-24  |y BK  |z Catalogado en:20181031  |k PER